[Event "Hessen-ch Gr-F 62nd"]
[Site "Hanau"]
[Date "2008.03.23"]
[Round "5"]
[White "Stapf, Jan"]
[Black "Deller, Yannick"]
[Result "1/2-1/2"]
[WhiteElo "1188"]
[BlackElo "1281"]
[PlyCount "53"]
[EventDate "2008.03.21"]
[EventType "swiss"]
[EventRounds "5"]
[EventCountry "GER"]
[SourceTitle "CBM 123 Extra"]
[Source "ChessBase"]
[SourceDate "2008.05.06"]
[SourceVersion "1"]
[SourceVersionDate "2008.05.06"]
[SourceQuality "1"]

1. Nf3 Nf6 2. d4 g6 3. Bf4 Bg7 4. Nbd2 d6 5. e4 Nbd7 6. Bc4 h6 7. c3 Nb6 8. Bd3 Bg4 9. Qc2 Bxf3 10. Nxf3 g5 11. Be3 Nfd7 12. h3 e5 13. Nd2 Qe7 14. a4 a6 15. a5 Nc8 16. Qb3 Rb8 17. f3 0-0 18. Bc4 c5 19. d5 Na7 20. Kf2 Rfc8 21. Nf1 Qd8 22. Ng3 Nf8 23. Nf5 Ng6 24. Nxg7 Kxg7 25. Qb6 Qxb6 26. axb6 Nb5 27. Bxb5 1/2-1/2